Liste aller DFB-Pokal Sieger - Statistiken

Allgemein
  • Dieses Quiz wurde 336 mal gespielt
    76 seit der letzten Aktualisierung
  • Das Durchschnittsergebnis liegt bei 69 aus 82
Antwortstatistiken
Hint Antwort % Korrekt
1965 Borussia Dortmund
97%
1989 Borussia Dortmund
97%
2012 Borussia Dortmund
97%
2017 Borussia Dortmund
97%
2021 Borussia Dortmund
97%
1974 Eintracht Frankfurt
97%
1975 Eintracht Frankfurt
97%
1981 Eintracht Frankfurt
97%
1988 Eintracht Frankfurt
97%
2018 Eintracht Frankfurt
97%
1957 FC Bayern München
97%
1966 FC Bayern München
97%
1967 FC Bayern München
97%
1969 FC Bayern München
97%
1971 FC Bayern München
97%
1982 FC Bayern München
97%
1984 FC Bayern München
97%
1986 FC Bayern München
97%
1998 FC Bayern München
97%
2000 FC Bayern München
97%
2003 FC Bayern München
97%
2005 FC Bayern München
97%
2006 FC Bayern München
97%
2008 FC Bayern München
97%
2010 FC Bayern München
97%
2013 FC Bayern München
97%
2014 FC Bayern München
97%
2016 FC Bayern München
97%
2019 FC Bayern München
97%
2020 FC Bayern München
97%
2022 RB Leipzig
95%
2023 RB Leipzig
95%
1961 SV Werder Bremen
95%
1991 SV Werder Bremen
95%
1994 SV Werder Bremen
95%
1999 SV Werder Bremen
95%
2004 SV Werder Bremen
95%
2009 SV Werder Bremen
95%
1954 VfB Stuttgart
95%
1958 VfB Stuttgart
95%
1997 VfB Stuttgart
95%
2015 VfL Wolfsburg
94%
1963 Hamburger SV
92%
1976 Hamburger SV
92%
1987 Hamburger SV
92%
1968 1. FC Köln
91%
1977 1. FC Köln
91%
1978 1. FC Köln
91%
1983 1. FC Köln
91%
1993 Bayer 04 Leverkusen
91%
1937 (Tschammerpokal) FC Schalke 04
91%
1972 FC Schalke 04
91%
2001 FC Schalke 04
91%
2002 FC Schalke 04
91%
2011 FC Schalke 04
91%
1990 1. FC Kaiserslautern
88%
1996 1. FC Kaiserslautern
88%
1935 (Tschammerpokal) 1. FC Nürnberg
88%
1939 (Tschammerpokal) 1. FC Nürnberg
88%
1962 1. FC Nürnberg
88%
2007 1. FC Nürnberg
88%
1960 Borussia Mönchengladbach
80%
1973 Borussia Mönchengladbach
80%
1995 Borussia Mönchengladbach
80%
1992 Hannover 96
72%
1942 (Tschammerpokal) TSV 1860 München
68%
1964 TSV 1860 München
68%
1979 Fortuna Düsseldorf
65%
1980 Fortuna Düsseldorf
65%
1938 (Tschammerpokal) SK Rapid Wien
65%
1940 (Tschammerpokal) Dresdner SC
63%
1941 (Tschammerpokal) Dresdner SC
63%
1955 Karlsruher SC
58%
1956 Karlsruher SC
58%
1985 Bayer 05 Uerdingen
57%
1936 (Tschammerpokal) VfB Leipzig
52%
1970 Kickers Offenbach
51%
1953 Rot-Weiss Essen
40%
1959 Schwarz-Weiss Essen
29%
1943 (Tschammerpokal) First Vienna FC
22%
2024 Bayer 04 Leverkusen
14%
2025 VfB Stuttgart
12%
Keine übereinstimmenden Quizze gefunden
Verteilung der Resultate
Anzahl Personen mit jedem Resultat
Perzentil nach korrekt beantworteten Fragen
Ihre Resultats-Entwicklung
Sie haben dieses Quiz seit der letzten Aktualisierung nicht gespielt